: غُبارِ خاطِر (Record no. 109475)

MARC details
000 -LEADER
fixed length control field 01006nam a22002537a 4500
005 - DATE AND TIME OF LATEST TRANSACTION
control field 20170123162354.0
010 ## - LIBRARY OF CONGRESS CONTROL NUMBER
LC control number 210347
020 ## - INTERNATIONAL STANDARD BOOK NUMBER
Terms of availability 00.00
035 ## - SYSTEM CONTROL NUMBER
System control number 210347
037 ## - SOURCE OF ACQUISITION
Source of stock number/acquisition Cen Lib/Ret
040 ## - CATALOGING SOURCE
Original cataloging agency DPL
Language of cataloging UR
082 ## - DEWEY DECIMAL CLASSIFICATION NUMBER
Classification number 921
Item number ا ب ل
100 ## - MAIN ENTRY--PERSONAL NAME
Personal name آزاد، ابُوالکلام
9 (RLIN) 113160
245 ## - TITLE STATEMENT
Title : غُبارِ خاطِر
Statement of responsibility, etc ابُوالکلام آزاد
Remainder of title / قلعہ احمد نگر کی سیری (١٩ اگست ١٩٤٢ تا ١٥ جوں ١٩٤٥ ) کے زمانے کی تحریرات
246 ## - VARYING FORM OF TITLE
Title proper/short title Gubar-e- khatir: qila Ahmad nagar ki siri (19 august- 15 june 1945) ke zamane ki tehrirat /
Remainder of title by Abul Kalam Azad
260 ## - PUBLICATION, DISTRIBUTION, ETC. (IMPRINT)
Place of publication, distribution, etc لاہور
Name of publisher, distributor, etc مکتبہ احرار پبلشرز
Date of publication, distribution, etc 00??
270 ## - ADDRESS
City لاہور
300 ## - PHYSICAL DESCRIPTION
Extent 308p.
Dimensions 20cmHb)
650 ## - SUBJECT ADDED ENTRY--TOPICAL TERM
Topical term or geographic name as entry element سوانح
9 (RLIN) 137987
650 ## - SUBJECT ADDED ENTRY--TOPICAL TERM
Topical term or geographic name as entry element سیاسی رہنما
Geographic subdivision ہندوستان
9 (RLIN) 452
650 ## - SUBJECT ADDED ENTRY--TOPICAL TERM
Form subdivision
Topical term or geographic name as entry element Biography
9 (RLIN) 7490
650 ## - SUBJECT ADDED ENTRY--TOPICAL TERM
Topical term or geographic name as entry element Political leader
Geographic subdivision India
9 (RLIN) 454
942 ## - ADDED ENTRY ELEMENTS (KOHA)
Source of classification or shelving scheme Dewey Decimal Classification
Koha item type Urdu Bks
Classification part 921
Call number suffix ا ب ل
Holdings
Withdrawn status Lost status Damaged status Not for loan Home library Current library Date acquired Source of acquisition Cost, normal purchase price Total Checkouts Full call number Barcode Date last seen Copy number Cost, replacement price Price effective from Koha item type
        Central Library Central Library 12/03/2016 Cen Lib/Ref 0.00   921 ا ب ل 210347 12/03/2016 1 0.00 12/03/2016 Urdu Bks

© Delhi Public Library
Hit Counter
free hit counter